| 000 | 01153nam a22003737a 4500 | ||
|---|---|---|---|
| 003 | OSt | ||
| 005 | 20230817093626.0 | ||
| 008 | 221006b |||||||| |||| 00| 0 eng d | ||
| 040 | _cBiblioteca Lado V | ||
| 082 |
_a792 _bK96a |
||
| 100 |
_9945 _aKuo, Michael _eeditor |
||
| 245 |
_a(ai)/ _bPerformance for the planet/ |
||
| 260 |
_bArts International Inc. _c2001 _aNew York |
||
| 300 |
_c23x28cm _a112p. |
||
| 490 |
_a12 _x1529-3777 |
||
| 505 | _t(ai) Interview | ||
| 505 | _tLa MaMa of Multiculturalism | ||
| 505 | _tOpen Form | ||
| 505 | _tComplicit Acts | ||
| 505 | _tA hora de Totonh | ||
| 505 | _tMidsummer Night´s Dream | ||
| 505 | _tAfrikaans Arts | ||
| 505 | _tIn process | ||
| 505 | _tFaultlines | ||
| 505 | _tArtist´s Portfolio | ||
| 505 | _tTake it and Run | ||
| 505 | _tCrossings | ||
| 650 |
_2Tesauro de Arte & Arquitectura _aARTE _9703 |
||
| 650 |
_2Tesauro de Arte & Arquitectura _aPERFORMANCE |
||
| 650 |
_2Tesauro de Arte & Arquitectura _aARTES ESCENICAS |
||
| 651 |
_2Tesauro de Arte & Arquitectura _aNEW YORK |
||
| 700 |
_aWessling, Katherine _eeditor |
||
| 942 |
_2ddc _c1 _h792 _iK96a _n0 |
||
| 999 |
_c4147 _d4147 |
||